000 02893nam a22003017a 4500
001 9043
003 FISKH
005 20251117140816.0
008 251117b cb ||||| |||| 00| 0 eng d
020 _a9789996301377
040 _aFISKH
_bkhr
_cFISKH
_dFISKH
082 _a833.912
100 _aSotheary, Kimsun
245 _aកុមារី ហីឌី :
_bHeidi girl /
_cរៀបរៀងដោយ អ្នកស្រី គឹមស៊ុន សុធារី
260 _aភ្នំពេញ :
_bReading Books ,
_c2011.
300 _a28 pages :
_bcolor illustrations ;
_c25 cm .
490 _aពិភពរឿងនិទាន
505 _aK
520 _aហីឌី ជាក្មេងកំព្រា នាងមានអាយុប្រាំឆ្នាំ ។​ ក្រោយមកក៏មានលោកតាយម្នាក់យកនាងទៅចិញ្ចឹម​ ។ ថ្ងៃមួយពេលនាងភ្ញាក់ពីគេងក៏ឃើញ ព្យែ ជាអ្នកគង្វាលពពែ លោកតាក៏អោយនាងទៅឃ្វាលពពែជាមួយ ព្យែ ។ ថ្ងៃមួយនាងក៏បានផ្លាស់ទៅនៅទីក្រុងដើម្បីធ្វើជាមិត្រកុមារីពិការជើងម្នាក់ឈ្មោះគ្លែ ហើយនាងក៏បានចូលរៀនផងដែរ ។​ ដោយសារការនឹករលឹករបស់ហីឌីមកកាន់លោកតា​ ឪពុករបស់គ្លែក៏នាំហីឌីមកនៅជាមួយលោកតា​វិញ ។​ ប៉ុន្មានខែក្រោយមកគ្លែក៏មានសុខភាពល្អអាចដើរបាន ហើយនាងក៏បានមករស់នៅជាមួយហីឌីនិងព្យែយ៉ាងសប្បាយរីករាយ ។
520 _aHeidi is an orphan girl who is five years old. Later, an old grandfather takes her in and raises her. One day, when she wakes up, she meets Pierre, a goat herder, and her grandfather lets her go herd the goats with him. One day, she moves to the city to become a companion to a disabled girl named Clara, and she also begins attending school. Because Heidi misses her grandfather very much, Clara’s father brings Heidi back to live with him again. A few months later, Clara becomes healthy and is able to walk, and she comes to live happily with Heidi and Pierre .
521 8 _a520
_bLexile estimate
521 8 _aK
_bRaz-Plus
650 _aកុមារីហីឌី
_vរឿងនិទានកុមារ
650 _aHeidi girl
_vChildren's Stories
700 _aSothear, In
_eIllustrator
942 _2ddc
_cKHB
_n0
999 _c9043
_d9043